| 000 | 01144nam a22002417a 4500 | ||
|---|---|---|---|
| 005 | 20110427152433.0 | ||
| 008 | 110427t xxu||||| |||| 00| 0 mar d | ||
| 010 | _aMAR-20752 | ||
| 020 |
_a9788184982077 _c160.00 |
||
| 035 | _aMR-13410 | ||
| 037 | _bDBAD / PUB | ||
| 040 |
_aDPL _bMR |
||
| 082 | _a823 | ||
| 100 |
_aजोषी,दिनकर, _927501 |
||
| 245 |
_aअंकरहित शून्याची बेरीज / _cदिनकर जोषी : अंजनी नरवणे द्वारा अनुवादित |
||
| 246 |
_aAnkarahit Shunyachi Berries _bbyDinkar Joshi |
||
| 260 |
_aपुणे _bमेहता पब्लिशिंग हाऊस _c2011 |
||
| 270 |
_a1941, सदाशिव पेठ माडीवाले कॉलनी, _bपुणे _e411030 |
||
| 300 |
_a161पृ _c21सेमी (अजिल्द) |
||
| 700 |
_927502 _aनरवणे,अंजनी |
||
| 942 |
_2ddc _cMR _h823 _mजोषीदि |
||
| 999 |
_c51946 _d51946 |
||